| 000 | 00474nam a2200169Ia 4500 | ||
|---|---|---|---|
| 003 | LK-CoDNM | ||
| 008 | 010623t1989 xxu||||| |||| 00| 1 sin d | ||
| 040 |
_aLK-CoDNM _dLK-CoDNM _eLK-CoDNM |
||
| 041 | _asin | ||
| 080 | _a294.3 SRI | ||
| 100 | _aSri Rahula Thero,Walpola. | ||
| 245 | _aලක්දිව බුදුසාමයේ ඉතිහාසය | ||
| 246 | _aLakdiva Budu Samaye Itihasaya | ||
| 260 |
_bGunasena _c1989 |
||
| 300 | _b340p., 21 cm | ||
| 942 | _cBK | ||
| 999 |
_c114447 _d114447 |
||